000 00671nam a2200289Ia 4500
008 210210b2009 xxu||||| |||| 00| 0 eng d
020 _a8170337755
041 _aeng
082 _a361.614 AGOW
100 _aAGOSIN (Marjorie) Ed
245 _aWomen gender and human rights: a global perspective
260 _aJaipur
_bRawat Publications
_c2009
300 _aviii,339
650 _aWomen
650 _aVoilence
650 _arights:
650 _aperspective
650 _ahuman
650 _aHealth
650 _aglobal
650 _aGirl child
650 _agender
650 _aand
650 _aa
690 _aHuman Rights
906 _a064815
999 _c141765
_d141765